• 首页
  • 本馆介绍
  • 公告通知
  • 最新文献
  • 馆藏检索
  • 电子资源
  • 读者导购
  • 参考咨询
  • 我的图书馆
  • 登录
  • 详细信息显示
  • 放入我的书架
  • 预约/预借图书
  • 作者相关作品
  • 分类相关作品
  • 丛书相关作品
  • 出版社相关作品

书目信息

  • 表格格式
  • 工作单格式
  • 卡片格式
题名:
关于人的思考
    
 
作者: 苏霍姆林斯基, 著 ;诸惠芳 译
分册:  
出版信息: 石家庄   河北人民出版社  2003
页数: 141页
开本: 20cm
丛书名: 汉译世界教育名著丛书
单 册:
中图分类: G410
科图分类:
主题词: 德育--de yu--教育理论
电子资源:
ISBN: 7-202-03380-1
000 01073nam 2200253 450
001 CAL 012004078372
005 20070718154228.89
010    @a7-202-03380-1@dCNY8.50
100    @a20040825d2003 ekmy0chiy0121 ea
101 1  @achi@crus
102    @aCN@b130000
105    @ay z 000yy
200 1  @a关于人的思考@Aguan yu ren de si kao@f(苏) 苏霍姆林斯基著@g诸惠芳译
210    @a石家庄@c河北人民出版社@d2003
215    @a141页@d20cm
225 2  @a汉译世界教育名著丛书@Ahan yi shi jie jiao yu ming zhu cong shu
330    @a本书是苏联著名教育理论家和实践家苏霍姆林斯基(1918~1970)的一本名著。他追求真善美,注重在道德习惯、道德情感、道德信念等方面的教育。提出了在我们日常生活中和教育年轻一代的过程中经常会遇到的许多严肃的问题。
410  0 @12001 @a汉译世界教育名著丛书
606 0  @a德育@Ade yu@x教育理论
690    @aG410@v4
701  1 @a苏霍姆林斯基,@Asu huo mu lin si ji@bВ. А.@g(Сухомлиский, Василий Александрович),@f1918-1970@4著
702  0 @a诸惠芳@Azhu hui fang@4译
801  0 @aCN@bPFT@c20070718
905    @a10447@dG410@e28
    
    关于人的思考/(苏) 苏霍姆林斯基著/诸惠芳译.-石家庄:河北人民出版社,2003
    141页;20cm.-(汉译世界教育名著丛书)
    
    
    ISBN 7-202-03380-1:CNY8.50
    本书是苏联著名教育理论家和实践家苏霍姆林斯基(1918~1970)的一本名著。他追求真善美,注重在道德习惯、道德情感、道德信念等方面的教育。提出了在我们日常生活中和教育年轻一代的过程中经常会遇到的许多严肃的问题。
●
相关链接 在E读中查询图书 在五车中查询图书 在当当中查询图书 在豆瓣中查询图书


正题名:关于人的思考     索取号:G410/28         预约/预借

序号 登录号 条形码 馆藏地/架位号 状态 备注
1 0781135   207811359   第一样本阅览室/ [索取号:G410/28] 在馆    
2 0781136   207811368   第四借阅区/ [索取号:G410/28] 在馆    
3 0781137   207811377   第四借阅区/ [索取号:G410/28] 在馆    
4 0781138   207811386   第四借阅区/ [索取号:G410/28] 在馆    
5 0781139   207811395   第四借阅区/ [索取号:G410/28] 在馆    
6 0781140   207811402   第四借阅区/ [索取号:G410/28] 在馆    
7 0781141   207811411   第四借阅区/ [索取号:G410/28] 在馆    
8 0781142   207811420   第四借阅区/ [索取号:G410/28] 在馆    
9 0781143   207811439   第四借阅区/ [索取号:G410/28] 在馆    
10 0781144   207811448   第四借阅区/ [索取号:G410/28] 在馆    
唐山师范学院图书馆 欢迎您!
大连网信软件有限公司© 版权所有